All Modern-Day Countries Ever Controlled by the Saudis - Statistics

General Stats
  • This quiz has been taken 6,561 times
  • The average score is 9 of 9
Answers on the Map
Answers color-coded by a green-red scale on the quiz's map according to % correct below.
 
Answer Stats
Countries % Correct
Iraq
99%
Jordan
99%
Oman
99%
Qatar
99%
Saudi Arabia
99%
United Arab Emirates
99%
Yemen
99%
Bahrain
98%
Kuwait
97%
No matching quizzes found
Score Distribution
Percent of People with Each Score
Percentile by Number Answered
Your Score History
You have not taken this quiz